APEC Schools

The Complete 101 collection / (Record no. 7692)

000 -LEADER
fixed length control field nam a22 7a 4500
005 - DATE AND TIME OF LATEST TRANSACTION
control field 20190715013310.0
008 - FIXED-LENGTH DATA ELEMENTS--GENERAL INFORMATION
fixed length control field 190715b xxu||||| |||| 00| 0 eng d
020 ## - IDENTIFIER FOR THE MANIFESTATION
Identifier for the Manifestation 9780718022099
Binding paperback
040 ## - CATALOGING SOURCE
Language of Cataloging eng
Transcribing Agency APEC Schools Library
Description Conventions rda
082 ## - DEWEY DECIMAL CLASSIFICATION NUMBER
Classification number C 153.85
Author's Number M4511c 2002
100 ## - CREATOR
Preferred Name of the Person Maxwell, John C.
245 ## - TITLE AND STATEMENT OF RESPONSIBILITY
Preferred Title Proper The Complete 101 collection /
Statement of Responsibility/Parallel Statement of Responsibility John C. Maxwell
264 ## - PUBLICATION STATEMENT
Place of publication, distribution, etc Nashville, TN :
Publisher's Name/Parallel Publisher's Name Thomas Nelson,
Copyright ©2002.
300 ## - PHYSICAL DESCRIPTION
Extent 617 pages ;
336 ## - RDA CONTENT
Source rdacontent
Content Type text
337 ## - RDA MEDIA
Source rdamedia
Media Type unmediated
338 ## - RDA CARRIER
Source rdacarrier
Carrier Type volume
942 ## - ADDED ENTRY ELEMENTS (KOHA)
Source of Classification
Koha Item Type Non Fiction
Holdings
Library Site Location Shelving Location Source of Acquisition Full Classification Number Accession Number Koha Item Type
APEC Sta. Rita Library APEC Sta. Rita Library Circulation Institutional Fund C 153.85 M4511c 2002 B02-0000398 Non Fiction

Powered by Koha